000 00729nam a2200241Ia 4500
003 GCL
008 140319s9999 xx 000 0 ara d
020 _a4634208977
040 _aGCL /
_cGCL
082 0 4 _a203.5
_bج ن
100 1 _aجمال نصار حسين
245 1 0 _aنشوء وارتقاء ادم وحواء /
_cجمال نصار حسين
250 _aالاولى
260 _aالقاهرة :
_bمكتبة مدبولى ،
_c2006
300 _a608 ص ؛
_c24 سم
650 0 4 _aالانسان
650 0 4 _aالنشوء والارتقاء
650 0 4 _aالجيولوجيا
650 0 4 _aالارض
650 0 4 _aالخلق
650 0 4 _aالخلق - الدراسات المقارنة
942 _2ddc
_cBK
999 _c9518
_d9518